[Event "Temuco Covid Season 2nd"]
[Site "Temuco"]
[Date "2021.11.12"]
[Round "2"]
[White "Navarrete Sandoval, Francisco Javier"]
[Black "Ramirez Camilla, Agustin"]
[Result "1/2-1/2"]
[WhiteElo "2096"]
[BlackElo "1516"]
[PlyCount "92"]
[EventDate "2021.11.12"]
[EventType "tourn"]
[EventRounds "9"]
[EventCountry "CHI"]
[SourceTitle "EXT 2023"]
[Source "ChessBase"]
[SourceDate "2022.10.05"]
[SourceVersion "1"]
[SourceVersionDate "2022.10.05"]
[SourceQuality "1"]

1. d4 Nf6 2. c4 e6 3. Nc3 d5 4. cxd5 exd5 5. Bg5 Be7 6. e3 Bf5 7. Bxf6 Bxf6 8. Qb3 c6 9. Qxb7 Qb6 10. Qxb6 axb6 11. Nf3 Nd7 12. Be2 0-0 13. 0-0 Rfe8 14. a4 g5 15. Rfc1 Rec8 16. b4 Be6 17. h3 Be7 18. b5 c5 19. e4 dxe4 20. Nxe4 h6 21. dxc5 Nxc5 22. Nxc5 Rxc5 23. Rxc5 Bxc5 24. Bd3 Kg7 25. Be4 Ra7 26. Bc2 Bc4 27. Rd1 Be2 28. Rd5 Bc4 29. Rd8 Re7 30. Nd4 Re1+ 31. Kh2 Rc1 32. Be4 Ra1 33. Nf5+ Kf6 34. Nxh6 Rxa4 35. Bc6 Be6 36. f3 Kg7 37. Ng4 Bxg4 38. fxg4 Rd4 39. Ra8 Bd6+ 40. Kg1 Rf4 41. Ra1 Bc5+ 42. Kh1 Rf2 43. Rd1 Be3 44. Rb1 Rc2 45. Re1 Rc1 46. Rxc1 Bxc1 1/2-1/2

[Event "Valdivia op 2nd"]
[Site "Valdivia"]
[Date "2021.09.19"]
[Round "4"]
[White "Ercoli Ercoli, Fernando"]
[Black "Navarrete Sandoval, Francisco Javier"]
[Result "0-1"]
[WhiteElo "1872"]
[BlackElo "2071"]
[PlyCount "78"]
[EventDate "2021.09.16"]
[EventType "swiss"]
[EventRounds "6"]
[EventCountry "CHI"]
[SourceTitle "CBM 204 Extra"]
[Source "ChessBase"]
[SourceDate "2021.11.30"]
[SourceVersion "1"]
[SourceVersionDate "2021.11.30"]
[SourceQuality "1"]

1. d4 Nf6 2. Nf3 d5 3. g3 c5 4. c4 e6 5. cxd5 exd5 6. Bg2 Nc6 7. 0-0 Be7 8. dxc5 Bxc5 9. Nc3 0-0 10. Bg5 d4 11. Nb5 Bg4 12. Rc1 Bb6 13. h3 Be6 14. Qa4 h6 15. Bf4 Nd5 16. Bd2 Qd7 17. Kh2 Rad8 18. Qd1 Rfe8 19. Ng1 Ncb4 20. a4 a6 21. Na3 Ba7 22. Bxb4 Nxb4 23. Qd2 Nc6 24. Be4 Bf5 25. Bxc6 bxc6 26. Qa5 d3 27. e3 Qc8 28. Nc4 Bb8 29. Rfd1 Bc7 30. Qc3 Rd5 31. Nd2 Bxh3 32. Nxh3 Rh5 33. Qxc6 Qxh3+ 34. Kg1 Bxg3 35. Qxe8+ Kh7 36. Qe4+ f5 37. Qg2 Bh2+ 38. Kf1 Rg5 39. Qxh3 Rg1# 0-1

[Event "Temuco IRT Rumbo"]
[Site "Temuco"]
[Date "2020.01.28"]
[Round "6"]
[White "Silva Ruiz Diaz, Rodrigo Daniel"]
[Black "Navarrete Sandoval, Francisco Javier"]
[Result "0-1"]
[WhiteElo "1205"]
[BlackElo "2088"]
[PlyCount "40"]
[EventDate "2020.01.27"]
[EventType "tourn"]
[EventRounds "9"]
[EventCountry "CHI"]
[SourceTitle "CBM 195 Extra"]
[Source "ChessBase"]
[SourceDate "2020.05.31"]
[SourceVersion "1"]
[SourceVersionDate "2020.05.31"]
[SourceQuality "1"]

1. e4 d6 2. d4 Nf6 3. Nc3 g6 4. Nf3 Bg7 5. Be2 0-0 6. 0-0 e5 7. d5 Nfd7 8. Ne1 f5 9. f3 f4 10. Nd3 g5 11. b3 h5 12. Bb2 Nf6 13. Na4 g4 14. c4 g3 15. h3 Nh7 16. Nc3 Qh4 17. Qc2 Bxh3 18. gxh3 Qxh3 19. Rfe1 Qh2+ 20. Kf1 Qh1# 0-1

[Event "Temuco Universidad de La Frontera"]
[Site "Temuco"]
[Date "2018.07.??"]
[Round "1.1"]
[White "Navarrete Sandoval, Francisco Javier"]
[Black "Larama Denis, Giovanni Andre"]
[Result "1-0"]
[WhiteElo "1930"]
[BlackElo "1644"]
[PlyCount "55"]
[EventDate "2018.07.07"]
[EventType "tourn"]
[EventRounds "6"]
[EventCountry "CHI"]
[SourceTitle "EXT 2024"]
[Source "ChessBase"]
[SourceDate "2023.10.10"]
[SourceVersion "1"]
[SourceVersionDate "2023.10.10"]
[SourceQuality "1"]

1. e4 c5 2. Nf3 Nc6 3. d4 cxd4 4. Nxd4 Nf6 5. Nc3 e5 6. Nf3 Bb4 7. Bc4 Qa5 8. Bd2 Bxc3 9. Bxc3 Qc5 10. Qe2 d6 11. h3 h6 12. Nh2 Nd4 13. Bxd4 Qxd4 14. Bb5+ Ke7 15. Bd3 Qxb2 16. 0-0 b6 17. a4 Bb7 18. a5 Qd4 19. Nf3 Qc5 20. Rfb1 Rhb8 21. Ra4 bxa5 22. Rc4 Qa3 23. Rc7+ Kf8 24. Rbxb7 Rxb7 25. Rxb7 Qc1+ 26. Qe1 Qxe1+ 27. Nxe1 a4 28. Rb4 1-0

[Event "Freire Verano U2200 op"]
[Site "Freire"]
[Date "2018.02.25"]
[Round "4.2"]
[White "Neira Varela, Sebastian Antonio"]
[Black "Navarrete Sandoval, Francisco Javier"]
[Result "0-1"]
[WhiteElo "1415"]
[BlackElo "1893"]
[PlyCount "30"]
[EventDate "2018.02.24"]
[EventType "swiss"]
[EventRounds "6"]
[EventCountry "CHI"]
[SourceTitle "EXT 2024"]
[Source "ChessBase"]
[SourceDate "2023.10.10"]
[SourceVersion "1"]
[SourceVersionDate "2023.10.10"]
[SourceQuality "1"]

1. e4 e5 2. Nf3 d6 3. Bc4 Nd7 4. 0-0 Be7 5. d3 Ngf6 6. Bg5 0-0 7. c3 c6 8. Nbd2 Nc5 9. Qc2 Ne6 10. Bh4 a5 11. a3 Nh5 12. Bxe7 Qxe7 13. Rfe1 Ng5 14. Nh4 Nh3+ 15. gxh3 Qxh4 0-1